Statistiques concernant Préjugés sur les Italiens

Cliquez ici pour prendre le quiz!

Statistiques générales

  • Ce quiz a été pris 843 fois
  • Le résultat moyen est 8 sur 10

Statistiques - réponses

IndicesRéponses% Correct
Les Italiens ne sauraient parler sans faire de grands ...Gestes
98%
Les Italiens ne se nourriraient qu'exclusivement de pâtes et de cette célèbre tarte napolitaine.Pizza
93%
Les Italiens de sexe masculin se mettraient tous beaucoup trop de ... dans les cheveux.Gel
89%
Avec toutes les marques de vêtements originaires de ce pays, les Italiens seraient tous très bien ...Habillés
89%
Presque tous les Italiens appartiendraient à l'une de ces organisations secrètes illicites.Mafias
88%
Les Italiens conduiraient tous un petit scooter de ce type.Vespa
84%
Tous les Italiens sauraient chanter ce type de chant classique.Opéra
77%
Les Italiens auraient tous chez eux un portrait de cette personnalité religieuse.Pape
69%
Les Italiens de sexe masculin seraient tous d'incorrigibles ...Séducteurs
54%
Les Italiens conduisant très mal, ils seraient tous des ...Chauffards
44%

Distribution des résultats

Percentile par nombre de réponses

% des personnes avec chaque résultat

Votre développement - résultats

Vous n’avez pas pris ce quiz